[Event "World School-ch U13"]
[Site "Sochi"]
[Date "2016.12.05"]
[Round "3"]
[White "Rolgeizer, Genrikh"]
[Black "Ahadzade, Hajiali"]
[Result "1-0"]
[WhiteElo "1985"]
[BlackElo "1658"]
[PlyCount "59"]
[EventDate "2016.12.03"]
[EventType "swiss"]
[EventRounds "9"]
[EventCountry "RUS"]
[SourceTitle "EXT 2018"]
[Source "ChessBase"]
[SourceDate "2017.10.13"]
[SourceVersion "1"]
[SourceVersionDate "2017.10.13"]
[SourceQuality "1"]

1. e4 c5 2. Nf3 e6 3. d4 cxd4 4. Nxd4 a6 5. Nc3 b5 6. g3 Bb7 7. Bg2 d6 8. 0-0 Nf6 9. a3 Be7 10. Be3 Qc7 11. Qe2 Nbd7 12. f4 0-0 13. Rad1 Rac8 14. g4 Nc5 15. Bc1 Rfd8 16. g5 Ne8 17. Rf3 g6 18. Rh3 e5 19. Nf5 Bf8 20. Ne3 Ne6 21. Ned5 Bxd5 22. exd5 Nd4 23. Qf2 Nf5 24. Be4 Neg7 25. Bd3 Qd7 26. Ne4 Ne8 27. Kh1 Qe7 28. Rg1 Neg7 29. Nf6+ Qxf6 30. gxf6 1-0